Stratégia EU 2020 a ohrozenie chudobou v regiónoch Slovenska
Porovnanie agregovaného indikátora chudoby s celoeurópskym priemerom. Znižovanie podielu osôb ohrozených chudobou a sociálnou exklúziou. Disparita medzi jednotlivými krajmi SR. Boj proti chudobe a stratégia na národnej a európskej úrovni.
Enregistré dans:
| Auteur principal: | |
|---|---|
| Autres auteurs: | |
| Format: | Chapitre de livre |
| Langue: | slovaque |
| Sujets: | |
| Tags: |
Pas de tags, Soyez le premier à ajouter un tag!
|
MARC
| LEADER | 00000naa$a2200000$$$4500 | ||
|---|---|---|---|
| 001 | 0125343 | ||
| 005 | 20221107085337.1 | ||
| 041 | 0 | |a slo | |
| 044 | |a SK | ||
| 245 | 1 | 0 | |a Stratégia EU 2020 a ohrozenie chudobou v regiónoch Slovenska |c Ľudmila Ivančíková, Róbert Vlačuha |
| 520 | |a Porovnanie agregovaného indikátora chudoby s celoeurópskym priemerom. Znižovanie podielu osôb ohrozených chudobou a sociálnou exklúziou. Disparita medzi jednotlivými krajmi SR. Boj proti chudobe a stratégia na národnej a európskej úrovni. | ||
| 610 | 2 | 0 | |a Slovensko |
| 610 | 2 | 0 | |a Európa |
| 610 | 2 | 0 | |a kríza hospodárska |
| 610 | 2 | 0 | |a situácia sociálna |
| 610 | 2 | 0 | |a politika sociálna |
| 610 | 2 | 0 | |a nástroje politiky sociálnej |
| 610 | 2 | 0 | |a programy sociálne |
| 610 | 2 | 0 | |a štruktúra sociálna |
| 610 | 2 | 0 | |a vylúčenie sociálne |
| 610 | 2 | 0 | |a chudoba |
| 100 | 1 | |a Ivančíková, Ľudmila | |
| 700 | 1 | |a Vlačuha, Róbert | |